| 000 -CABECERA |
| fixed length control field |
00862nam a22001937a 4500 |
| 003 - IDENTIFICADOR DEL NÚMERO DE CONTROL |
| control field |
AR-CdUCM |
| 008 - DATOS DE LONGITUD FIJA--INFORMACIÓN GENERAL |
| fixed length control field |
190401b ||||| |||| 00| 0 spa d |
| 040 ## - FUENTE DE LA CATALOGACIÓN |
| Agencia/entidad que catalogó originalmente la obra |
MUNICIPALIDAD PROVINCIAL DEL CUSCO |
| Entidad que transcribió la catalogación |
BIBLIOTECA MUNICIPAL DEL CUSCO |
| 082 ## - NÚMERO DE LA CLASIFICACIÓN DECIMAL DEWEY |
| No. de Clasificación |
3 ed. |
| Notacion interna |
345.72 / |
| No. de la edición |
L22 / 1907 |
| 100 ## - ENTRADA PRINCIPAL--NOMBRE DE PERSONA |
| Nombre Personal |
De la Lama, Miguel Antonio |
| 245 ## - MENCIÓN DE TÍTULO |
| Título |
Perú código de enjuiciamiento en materia civil / |
| 300 ## - DESCRIPCIÓN FÍSICA |
| Nº de Páginas Extensión |
773 paginas ; |
| Dimensiones |
21 cm. |
| 505 ## - NOTA DE CONTENIDO CON FORMATO |
| Nota de contenido formateada |
Contenido : Advertencia -- Abreviaturas -- Ley de 29 de diciembre de 1851 ordenando la promulgación de los códigos y designado la fecha desde cuando rigen, y la relación que tienen con los contratos anteriores y pleitos pendientes -- Código de enjuiciamiento en materia civil ... |
| 650 ## - PUNTO DE ACCESO ADICIONAL DE MATERIA--TÉRMINO DE MATERIA |
| Descriptor |
Comentarios |
| 9 (RLIN) |
27582 |
| 650 ## - PUNTO DE ACCESO ADICIONAL DE MATERIA--TÉRMINO DE MATERIA |
| Descriptor |
Leyes |
| 9 (RLIN) |
4808 |
| 650 ## - PUNTO DE ACCESO ADICIONAL DE MATERIA--TÉRMINO DE MATERIA |
| Descriptor |
Resoluciones |
| 9 (RLIN) |
24653 |
| 942 ## - ELEMENTOS DE PUNTO DE ACCESO ADICIONAL (KOHA) |
| Fuente de clasificación |
|
| Tipo de item |
Libros-BMC |
| 945 ## - PROCESAMIENTO DE INFORMACIÓN LOCAL (OCLC) |
| Catalogador |
rah |